000 01310cam a22003617a 4500
003 CHAP
005 20220329141157.0
008 971010s1984 r 00010 d
010 _a63894
011 _a64866
035 _a71006
040 _cCHAP
090 _aTesis
100 0 0 _aGómez Meza, Herminio Delfino.
_949808
245 1 3 _aEl efecto de tres niveles de alimentación durante los dos primeros tercios de la gestación sobre la eficiencia reproductiva de la cerda adulta
260 _aChapingo, Méx. :
_bEl autor,
_c1984
300 _a61 h.
502 _aTesis (Ing. Agrónomo Esp. en Zootecnia) -- UACH. Departamento de Zootecnia
590 _aALEPH
_b10
_c20130110
_lUCH01
_h1347
590 _aBATCH-UPD
_b10
_c20130109
_lUCH01
_h2314
590 _aBATCH-UPD
_b10
_c20130110
_lUCH01
_h0348
590 _aBATCH-UPD
_b10
_c20130410
_lUCH01
_h0021
590 _aBATCH-UPD
_b10
_c20130914
_lUCH01
_h0354
590 _aCONVERSION
_b10
_c20130109
_lUCH01
_h1335
650 1 4 _aGanado porcino
_xAlimentación.
_945329
650 1 4 _aGanado porcino
_xFecundidad.
_945369
700 0 _aArellano García, José Abraham.
_96905
901 _aBK
942 _cFOLL
949 _aG287
_bZ
_cTESBD
_d-3597
_eTS1
_i71006
_si
949 _bBC
_cTES
_d-46515
_eTS1
_i71006
_si
949 _bBC
_cTES
_d-46521
_eTS2
_fc.2
_i71006
_si
999 _c63894
_d63894